Ethnoveterinary medicine : (Record no. 18866)
[ view plain ]
| 000 -LEADER | |
|---|---|
| fixed length control field | 00500cam a2200169 a 4500 |
| 020 ## - INTERNATIONAL STANDARD BOOK NUMBER | |
| ISBN | 1853395226 |
| 040 ## - CATALOGING SOURCE | |
| Transcribing agency | UKM |
| 082 04 - DEWEY DECIMAL CLASSIFICATION NUMBER | |
| Classification number | 016 ITD 2001 C153 Or. |
| 100 1# - MAIN ENTRY--AUTHOR NAME | |
| Personal name | Martin, Marina |
| 245 10 - TITLE STATEMENT | |
| Title | Ethnoveterinary medicine : |
| Remainder of title | an annotated bibliography of community animal healthcare / |
| 260 ## - PUBLICATION, DISTRIBUTION, ETC. (IMPRINT) | |
| Place of publication | London : |
| Name of publisher | ITDG Publishing, |
| Year of publication | 2001 |
| 300 ## - PHYSICAL DESCRIPTION | |
| Number of Pages | xii, 611 p. ; |
| Dimensions | 24 cm |
| 650 #0 - SUBJECT ADDED ENTRY--TOPICAL TERM | |
| Topical Term | Traditional veterinary medicine |
| 700 1# - ADDED ENTRY--PERSONAL NAME | |
| Personal name | Mathias, Evelyn |
| 700 1# - ADDED ENTRY--PERSONAL NAME | |
| Personal name | McCorkle, Constance M |
| 942 ## - ADDED ENTRY ELEMENTS (KOHA) | |
| Koha item type | ADB |
| 952 ## - LOCATION AND ITEM INFORMATION (KOHA) | |
| Withdrawn status [LOCAL, KOHA] | 0 |
| Koha item type | Source of acquisition | Lost status | Permanent Location | Current Location | Date acquired | Full call number |
|---|---|---|---|---|---|---|
| សៀវភៅភាសាអង់គ្លេស | A36974 | Library Block C | Library Block C | 2020-02-03 | 016 ITD 2001 C153 Or. |